| 000 | 00427cam a22001097a 4500 | ||
|---|---|---|---|
| 008 | 180718b xxu||||| |||| 00| 0 eng d | ||
| 082 | _aT394x54/In2ts | ||
| 245 |
_aReport of the Indian Tariff Board on the sugar industry _cby Indian Tariff Board on the Sugar Industry, India |
||
| 260 |
_aNew Delhi _bManager of Publications _c |
||
| 500 | _aContents: Library has 1937, 1938 | ||
| 700 | _aIndia. Indian Tariff Board on the Sugar Industry | ||
| 999 |
_c497975 _d497975 |
||